Music Quiz

Random Music or Lyrics Quiz

Linkin Park Songs By Lyrics Quiz Stats

 Plays Quiz not verified by Sporcle

Also try: Tasty Songs
Challenge
Share
Tweet
Embed
Score 0/12 Timer 05:00
0 Plays Today
Lyrics Song % Correct
Can't you see that you're smothering, holding too tightly afraid to lose control.Numb
79.7%
Memories consume, like opening the wound, I'm picking me apart again.Breaking the Habit
79.7%
In this farewell, there's no blood, there's no alibi.What I've Done
78.5%
We say yeah with fists flying up in the air, like we're holding onto something that's invisible there.Waiting For the End
74.4%
I remembered each flash, as time began to blurNew Divide
73.5%
I am a little bit insecure a little unconfident.Faint
69.7%
All these thoughts they make no sense, I find bliss in ignorance.One Step Closer
66.2%
You like to think you're never wrong, you live what you've learned.Points of Authority
65.6%
For the sins of our hands, the sins of our tongues.The Catalyst
59.7%
Forgetting all the hurt inside, you've learned to hide so well.Leave Out All the Rest
47.9%
Now I'm trapped in this memory, and I’m left in the wake of the mistake.With You
41.8%
They'll see to you, they'll be your guide back home where life leaves us blind.The Messenger
38.8%

You're not logged in!

Compare scores with friends on all Sporcle quizzes.
OR
Log In

You Might Also Like...

Show Comments

Extras

Top Quizzes Today


Score Distribution

Your Account Isn't Verified!

In order to create a playlist on Sporcle, you need to verify the email address you used during registration. Go to your Sporcle Settings to finish the process.

Report this User

Report this user for behavior that violates our Community Guidelines.

Details: